00418nam a2200145 a 4500008004100000020001500041050001300056100001700069245007700086250001200163260004400175350000900219650001500228650002900243120416s1995 ||||||||||||||||| || u a052163136x aB 41 Cam aAudi, Robert14aThe Cambridge dictionary of philosophy. (2nd ed.)cedited by Robert Audi a2nd ed. aU. K.bCambridge University Pressc1995 a0.00 aPHILOSOPHY aPHILOSOPHY--DICTIONARIES